Dostoevsky beyond Dostoevsky (Record no. 22634)

MARC details
000 -LEADER
fixed length control field 00733nam a2200121Ia 4500
008 - FIXED-LENGTH DATA ELEMENTS--GENERAL INFORMATION
fixed length control field 220620s9999||||xx |||||||||||||| ||und||
245 #0 - TITLE STATEMENT
Title Dostoevsky beyond Dostoevsky
Remainder of title Science, Religion, Philosophy
546 ## - LANGUAGE NOTE
Language note English[eng]
650 ## - SUBJECT ADDED ENTRY--TOPICAL TERM
Topical term or geographic name entry element Literature||Russian literature||Dostoevsky||Dostoevskii||Literature and philosophy||Aesthetics||Literature and psychology||History of science||Literature and science||Religion||Philosophy and literature
700 ## - ADDED ENTRY--PERSONAL NAME
Personal name Evdokimova, Svetlana||Golstein, Vladimir
856 ## - ELECTRONIC LOCATION AND ACCESS
Uniform Resource Identifier <a href="https://library.oapen.org/bitstream/20.500.12657/26107/1/1003980.pdf||https://library.oapen.org/bitstream/20.500.12657/26107/1/1003980.pdf||https://library.oapen.org/bitstream/20.500.12657/26107/1/1003980.pdf">https://library.oapen.org/bitstream/20.500.12657/26107/1/1003980.pdf||https://library.oapen.org/bitstream/20.500.12657/26107/1/1003980.pdf||https://library.oapen.org/bitstream/20.500.12657/26107/1/1003980.pdf</a>
942 ## - ADDED ENTRY ELEMENTS (KOHA)
Koha item type E-Books
Holdings
Withdrawn status Lost status Damaged status Not for loan Home library Current library Date acquired Total Checkouts Date last seen Price effective from Koha item type
        Kerala University of Digital Sciences, Innovation and Technology Knowledge Centre Kerala University of Digital Sciences, Innovation and Technology Knowledge Centre 20/06/2022   20/06/2022 20/06/2022 E-Books